[Event "AUTO-OPEN-3676"]
[Site "http://www.queenalice.com/game.php?id=1430700"]
[Date "2016.7.7"]
[Round "1"]
[White "LeoChessNut"]
[Black "josekasparov"]
[Result "0-1"]
[WhiteElo "1703"]
[BlackElo "2424"]

1. d4 Nf6 2. Nf3 g6 3. c4 c5 4. Nc3 cxd4 5. Nxd4 Bg7 6. e4 d6 7. Be2 O-O 8. O-O
Nc6 9. Be3 Bd7 10. Qd2 a6 11. Nxc6 Bxc6 12. f3 Nd7 13. Rad1 Nc5 14. Nd5 Re8 15.
Nb4 Na4 16. Nxc6 bxc6 17. Bd4 Bxd4+ 18. Qxd4 Qb6 19. Qxb6 Nxb6 20. b3 a5 21. Kf2
Nd7 22. f4 Nc5 23. Bf3 Rab8 24. e5 dxe5 25. fxe5 Rb6 26. Ke3 a4 27. bxa4 Nxa4
28. Rd7 Rb4 0-1

[Event "AUTO-OPEN-3676"]
[Site "http://www.queenalice.com/game.php?id=1430721"]
[Date "2016.7.7"]
[Round "1"]
[White "LeoChessNut"]
[Black "junipero"]
[Result "0-1"]
[WhiteElo "1743"]
[BlackElo "1943"]

1. d4 d5 2. c4 c6 3. Nf3 e6 4. Nc3 Nf6 5. e3 Nbd7 6. Bd3 Be7 7. O-O O-O 8. b3 h6
9. Bb2 b6 10. cxd5 cxd5 11. Rc1 Bb7 12. Nb5 a6 13. Nc7 Rc8 14. Nxa6 Bxa6 15.
Bxa6 Ra8 16. Bb7 Rxa2 17. Rc8 Qxc8 18. Bxc8 Rxc8 19. Qc1 Rxc1 20. Bxc1 Ne4 21.
Ne1 Ndf6 22. Nd3 b5 23. f3 Nc3 24. Bb2 b4 25. Re1 Nd7 26. Kf1 Nb8 27. Rc1 Nc6
28. Bxc3 bxc3 0-1

[Event "AUTO-OPEN-3676"]
[Site "http://www.queenalice.com/game.php?id=1430722"]
[Date "2016.7.7"]
[Round "1"]
[White "junipero"]
[Black "LeoChessNut"]
[Result "1-0"]
[WhiteElo "1932"]
[BlackElo "1813"]

1. d4 Nf6 2. c4 e6 3. Nc3 Bb4 4. Bd2 O-O 5. e3 d5 6. cxd5 exd5 7. Nf3 Bf5 8. a3
Bd6 9. Be2 c6 10. O-O Nbd7 11. h3 Ne4 12. Rc1 Nxd2 13. Qxd2 Qf6 14. b4 a5 15.
Na2 axb4 16. axb4 Nb6 17. Ra1 Nc4 18. Qc3 Ra3 19. Qc1 Rfa8 20. Bxc4 dxc4 21. Qb2
Rb3 22. Qd2 Bxh3 23. Nc3 Rxa1 24. Rxa1 Qg6 25. Ra8+ Bf8 26. Ne1 b5 27. f3 Qg3
28. Ne4 Qg6 29. Nc5 1-0

[Event "AUTO-OPEN-3676"]
[Site "http://www.queenalice.com/game.php?id=1430723"]
[Date "2016.7.7"]
[Round "1"]
[White "LeoChessNut"]
[Black "francksc"]
[Result "1-0"]
[WhiteElo "1500"]
[BlackElo "1564"]

1. d4 d5 2. c4 c6 3. Nf3 f6 4. e3 e6 5. Bd3 f5 6. O-O dxc4 7. Bxc4 Bd6 8. Qb3
Qe7 9. Bd3 Nf6 10. Nbd2 b5 11. a4 bxa4 12. Rxa4 O-O 13. Bxf5 Kh8 14. Bd3 e5 15.
dxe5 Bxe5 16. Nxe5 Qxe5 17. Nf3 Qh5 18. Qa3 Rf7 19. Rh4 Qd5 20. Bc4 Qd7 21. Ne5
1-0

[Event "AUTO-OPEN-3676"]
[Site "http://www.queenalice.com/game.php?id=1430724"]
[Date "2016.7.7"]
[Round "1"]
[White "francksc"]
[Black "LeoChessNut"]
[Result "0-1"]
[WhiteElo "1575"]
[BlackElo "1732"]

1. d4 Nf6 2. e3 g6 3. c4 Bg7 4. Bd3 d6 5. Nf3 O-O 6. O-O Nc6 7. Nc3 e5 8. b3
exd4 9. exd4 Re8 10. Bg5 h6 11. Bxf6 Qxf6 12. Ne4 Qf4 13. g3 Qg4 14. Rc1 Qh5 15.
Be2 Rxe4 16. d5 Ne5 17. Nxe5 Qxe2 18. Qxe2 Rxe2 19. Nf3 Bh3 20. Rfe1 Rxa2 21.
Rcd1 Rb2 22. Rd3 a5 23. Rde3 a4 24. bxa4 Rxa4 25. Re7 Raa2 26. Rxc7 Rxf2 27. Nh4
Rfe2 28. Rb1 Bd4+ 29. Kh1 Rxh2# 0-1

[Event "AUTO-ADV-3742"]
[Site "http://www.queenalice.com/game.php?id=1452757"]
[Date "2016.11.30"]
[Round "1"]
[White "dadaspazzi"]
[Black "LeoChessNut"]
[Result "0-1"]
[WhiteElo "2016"]
[BlackElo "1843"]

1. d4 d5 2. c4 e6 3. Nf3 Nf6 4. Nc3 Bb4 5. a3 Bxc3+ 6. bxc3 c5 7. e3 Na6 8. Bd3
Qc7 9. Qc2 dxc4 10. Bxc4 O-O 11. Ne5 Nd7 12. f4 cxd4 13. exd4 Nxe5 14. Bxa6 Nf3+
15. gxf3 bxa6 16. Qd3 Bb7 17. Kf2 Rab8 18. Rg1 Bd5 19. Rg3 Rfc8 20. Bd2 Rb2 21.
Ke3 Bc4 22. Qe4 Bb5 23. Rc1 Qc4 24. Rg2 f5 0-1

[Event "AUTO-ADV-3742"]
[Site "http://www.queenalice.com/game.php?id=1452758"]
[Date "2016.11.30"]
[Round "1"]
[White "LeoChessNut"]
[Black "dadaspazzi"]
[Result "1-0"]
[WhiteElo "1917"]
[BlackElo "2059"]

1. d4 d5 2. c4 e6 3. Nc3 c6 4. e3 Nf6 5. Nf3 Nbd7 6. a3 Bd6 7. Bd3 dxc4 8. Bxc4
b5 9. Bd3 O-O 10. O-O a6 11. a4 Bb7 12. Ng5 h6 13. Nge4 Bc7 14. f4 Qe7 15. Nxf6+
Nxf6 16. Bd2 Rfd8 17. Qe2 Bb6 18. Rfc1 b4 19. Ne4 a5 20. Nc5 Bxc5 21. Rxc5 Nd7
22. Rc2 c5 23. Rac1 Rdc8 24. h3 Qd6 25. Qf2 cxd4 26. exd4 Rxc2 27. Bxc2 Nf6 28.
Be3 Be4 29. Bd1 Nd5 30. Bd2 Nf6 31. Be3 Nd5 32. Bd2 1-0

[Event "AUTO-ADV-3742"]
[Site "http://www.queenalice.com/game.php?id=1452775"]
[Date "2016.11.30"]
[Round "1"]
[White "LeoChessNut"]
[Black "ALDROB"]
[Result "1-0"]
[WhiteElo "1891"]
[BlackElo "1826"]

1. d4 Nf6 2. c4 g6 3. Nc3 Bg7 4. e4 d6 5. Be2 O-O 6. Bg5 Ne8 7. Nf3 f6 8. Be3 f5
9. exf5 Bxf5 10. Qb3 Kh8 11. Qxb7 Nd7 12. Qa6 e5 13. O-O e4 14. Nd2 Ndf6 15. d5
Bc8 16. Qa3 Ng4 17. Bxg4 Bxg4 18. Ncxe4 Qh4 19. f3 Bf5 20. Bg5 Qh5 21. Rae1 Bd4+
22. Be3 Be5 23. f4 Bg7 24. Bxa7 Bd4+ 25. Bxd4+ Kg8 26. Qxa8 Nf6 27. Nxf6+ 1-0

[Event "AUTO-ADV-3742"]
[Site "http://www.queenalice.com/game.php?id=1452776"]
[Date "2016.11.30"]
[Round "1"]
[White "ALDROB"]
[Black "LeoChessNut"]
[Result "0-1"]
[WhiteElo "1795"]
[BlackElo "1808"]

1. b4 e5 2. Bb2 Bxb4 3. Bxe5 Nf6 4. c4 O-O 5. Qb3 Nc6 6. Bb2 Re8 7. a3 Bd6 8.
Nf3 b6 9. d4 Na5 10. Qa2 c5 11. d5 Ng4 12. Nbd2 Bf4 13. h3 Bxd2+ 14. Nxd2 Qh4
15. g3 Qh6 16. Bg2 Nxf2 17. Rf1 Nd3+ 18. Kd1 Nxb2+ 19. Qxb2 Qe3 20. Bf3 d6 21.
g4 Rb8 22. Rc1 Bd7 23. Qc2 Qxa3 24. Be4 Ba4 0-1

[Event "Challenge"]
[Site "http://www.queenalice.com/game.php?id=1458565"]
[Date "2017.1.8"]
[Round "-"]
[White "fabricioprado"]
[Black "LeoChessNut"]
[Result "0-1"]
[WhiteElo "1828"]
[BlackElo "1956"]

1. e4 e5 2. Nf3 Nc6 3. Bb5 Nf6 4. O-O Nxe4 5. Re1 Nd6 6. Bxc6 dxc6 7. Rxe5+ Be7
8. d4 O-O 9. Nc3 Bg4 10. Re1 Bf6 11. Be3 Nf5 12. h3 Bxf3 13. Qxf3 Nxd4 14. Bxd4
Qxd4 15. Rad1 Qb4 16. Rb1 Rfe8 17. Ne2 Bxb2 18. Red1 Qa3 19. Qxa3 Bxa3 20. Ng3
Rab8 21. Rd3 Bc5 22. Rbd1 g6 23. Rd7 Bd6 24. Nf1 Re4 25. Ne3 Ra4 26. g3 h5 27.
Kg2 Kf8 28. c3 Ke8 29. R7xd6 cxd6 30. Rd2 d5 31. Kf3 Ra3 32. Rc2 b5 33. Nd1 Rb6
34. Re2+ Kd7 35. g4 hxg4+ 36. hxg4 Rba6 0-1

[Event "Challenge"]
[Site "http://www.queenalice.com/game.php?id=1471449"]
[Date "2017.4.1"]
[Round "-"]
[White "LeoChessNut"]
[Black "cyrillt"]
[Result "1-0"]
[WhiteElo "1966"]
[BlackElo "1704"]

1. e4 e5 2. Nf3 Nc6 3. Bb5 Nf6 4. O-O Nxe4 5. d4 Nxd4 6. Nxd4 c6 7. Re1 cxb5 8.
Rxe4 Be7 9. Rxe5 O-O 10. Nf5 Bf6 11. Rxb5 a6 12. Rd5 b5 13. Nc3 Ra7 14. Be3 Rb7
15. Bc5 Re8 16. Nd6 Rc7 17. Bb6 Be5 18. Bxc7 Bxh2+ 19. Kh1 Qh4 20. Rh5 Qf6 21.
Nxe8 Qe7 22. Bxh2 Qxe8 23. Re5 Qd8 24. Qe2 g6 25. Re8+ Qxe8 26. Qxe8+ Kg7 27.
Be5+ Kh6 28. Bf6 Bb7 29. Qe3+ g5 30. Qxg5# 1-0

[Event "AUTO-ADV-3742"]
[Site "http://www.queenalice.com/game.php?id=1478394"]
[Date "2017.5.17"]
[Round "2"]
[White "LeoChessNut"]
[Black "rafaelp"]
[Result "0-1"]
[WhiteElo "1981"]
[BlackElo "2087"]

1. e4 e5 2. Nf3 Nc6 3. Bb5 d6 4. d4 exd4 5. Nxd4 Bd7 6. Nxc6 Bxc6 7. Bxc6+ bxc6
8. Nc3 Nf6 9. Qf3 Qd7 10. Bg5 Be7 11. O-O-O O-O 0-1

[Event "AUTO-ADV-3742"]
[Site "http://www.queenalice.com/game.php?id=1478395"]
[Date "2017.5.17"]
[Round "2"]
[White "rafaelp"]
[Black "LeoChessNut"]
[Result "1-0"]
[WhiteElo "2074"]
[BlackElo "1998"]

1. e4 c5 2. Nf3 b6 3. Nc3 e6 4. Bb5 Bb7 5. O-O a6 6. Bc4 Nf6 7. Re1 b5 8. Bd3 c4
9. e5 cxd3 10. exf6 dxc2 11. Qxc2 1-0

[Event "AUTO-ADV-3742"]
[Site "http://www.queenalice.com/game.php?id=1478396"]
[Date "2017.5.17"]
[Round "2"]
[White "LeoChessNut"]
[Black "abelhm"]
[Result "1-0"]
[WhiteElo "1965"]
[BlackElo "2146"]

1. e4 e6 2. d4 d5 3. Nc3 Bb4 4. e5 c5 5. Bd2 cxd4 6. Nb5 Bxd2+ 7. Qxd2 Nc6 8. f4
Nge7 9. Nd6+ Kf8 10. Nf3 g6 11. O-O-O Kg7 12. g4 h5 13. Ng5 f5 14. Ngf7 Qg8 15.
Nxh8 Qxh8 16. gxh5 Qxh5 17. h4 a6 18. Be2 Qh7 19. h5 1-0

[Event "AUTO-ADV-3742"]
[Site "http://www.queenalice.com/game.php?id=1478397"]
[Date "2017.5.17"]
[Round "2"]
[White "abelhm"]
[Black "LeoChessNut"]
[Result "0-1"]
[WhiteElo "2184"]
[BlackElo "2007"]

1. e4 e5 2. Nf3 Nc6 3. Nc3 Nf6 4. Bb5 Nd4 5. O-O Nxb5 6. Nxb5 a6 7. Nc3 d6 8. d4
exd4 9. Nxd4 Be7 10. Re1 g6 11. Bh6 Ng4 12. Bf4 c6 13. h3 Ne5 14. Bh6 Bg5 15.
Bg7 Rg8 16. Bxe5 dxe5 17. Nf3 Qxd1 18. Raxd1 Bf6 19. Na4 b5 20. Nb6 Rb8 21. Nxc8
Rxc8 22. Rd6 Ke7 23. Red1 Rgd8 24. Rxd8 Rxd8 25. Rxd8 Kxd8 26. Kf1 Kc7 27. Ke2
Kd6 28. Kd3 Bd8 29. Nh2 f5 30. f3 Ke6 31. Nf1 f4 32. Nd2 Bb6 33. c4 Be3 34. Nb3
Kd6 35. cxb5 cxb5 36. g3 h6 37. gxf4 Bxf4 38. Kc3 Be3 39. Kb4 Kc6 40. Ka5 Kb7
41. Kb4 Kb6 42. Na1 a5+ 43. Kb3 a4+ 44. Kc2 Kc6 45. Kd3 Bd4 46. Nc2 Bxb2 47. Ne3
Kc5 48. Nd5 Kd6 49. Ne3 Bd4 50. Ng4 b4 51. Kc4 b3 0-1

[Event "Challenge"]
[Site "http://www.queenalice.com/game.php?id=1486945"]
[Date "2017.7.21"]
[Round "-"]
[White "AlekinePb"]
[Black "LeoChessNut"]
[Result "0-1"]
[WhiteElo "1857"]
[BlackElo "2040"]

1. d4 d5 2. Nf3 Nc6 3. Bf4 Bg4 4. e3 e6 5. c4 Bd6 6. Bxd6 Qxd6 7. c5 Qd7 8. Be2
Nf6 9. O-O Ne4 10. Nc3 Nxc3 11. bxc3 O-O 12. c4 Rab8 13. cxd5 Qxd5 14. Rc1 Qxa2
15. Ra1 Qd5 16. Bb5 Ra8 17. Bxc6 Qxc6 18. Ne5 Bxd1 19. Nxc6 Be2 20. Rfe1 Bb5 21.
Nb4 a5 22. Nc2 Bc6 23. f3 b5 24. e4 Rfd8 25. Rad1 b4 26. Ne3 Be8 27. d5 a4 28.
c6 a3 29. Rd3 a2 30. Ra1 Bxc6 31. Rb3 exd5 32. exd5 Bxd5 33. Nxd5 Rxd5 34. Rxb4
Rd2 35. Rc4 Rb8 36. Rxc7 Rb1+ 37. Rc1 Rdb2 38. Kf1 Rxa1 39. Rxa1 Rb1+ 40. Kf2
Rxa1 41. Kg3 Rg1 42. h4 a1=Q 43. Kh3 Qe5 44. f4 Qxf4 0-1

[Event "Challenge"]
[Site "http://www.queenalice.com/game.php?id=1490524"]
[Date "2017.8.17"]
[Round "-"]
[White "LeoChessNut"]
[Black "AlekinePb"]
[Result "1-0"]
[WhiteElo "1972"]
[BlackElo "1861"]

1. e4 d6 2. d4 Nf6 3. Nc3 c6 4. f4 g6 5. Nf3 Bg7 6. Bd3 b5 7. e5 dxe5 8. fxe5
Nd5 9. Nxd5 Qxd5 10. O-O O-O 11. Qe1 a6 12. Qh4 e6 13. c3 c5 14. Be4 Qc4 15.
Bxa8 cxd4 16. cxd4 Nc6 17. b3 Qc3 18. Bd2 Qd3 19. Bxc6 f6 20. Be4 Qe2 21. Rae1
Qxe1 22. Nxe1 f5 23. Bb4 Rf7 24. Qd8+ Bf8 25. Qxc8 f4 26. Nd3 Kg7 27. Nxf4 Bxb4
28. Nxe6+ Kh6 29. Qc1+ Kh5 30. Qg5# 1-0

[Event "Challenge"]
[Site "http://www.queenalice.com/game.php?id=1490529"]
[Date "2017.8.17"]
[Round "-"]
[White "AlekinePb"]
[Black "LeoChessNut"]
[Result "0-1"]
[WhiteElo "1834"]
[BlackElo "1998"]

1. c4 e5 2. g3 e4 3. Bg2 Nc6 4. Qc2 f5 5. d3 d5 6. cxd5 Nb4 7. Qa4+ Bd7 8. Qd1
exd3 9. exd3 Bb5 10. Qb3 Nxd3+ 11. Kd2 Qd7 12. Nc3 Ba6 13. Bf1 Nxf2 14. Bxa6
bxa6 15. Qb7 Rd8 16. Nf3 Nxh1 17. Ne5 Qe6 18. Nd3 Qh6+ 19. Kc2 Qxh2+ 20. Bd2 Bd6
21. Qc6+ Rd7 22. Re1+ Ne7 23. Nc5 Bxc5 24. Qxc5 Nxg3 25. Nd1 Ne4 26. Qb4 c5 27.
Ne3 cxb4 28. Nc4 Nxd2 29. Nxd2 Rxd5 0-1

[Event "Challenge"]
[Site "http://www.queenalice.com/game.php?id=1491870"]
[Date "2017.8.27"]
[Round "-"]
[White "LeoChessNut"]
[Black "AlekinePb"]
[Result "1-0"]
[WhiteElo "1986"]
[BlackElo "1861"]

1. e4 d6 2. d4 Nf6 3. Nc3 g6 4. Nf3 Bg7 5. Be2 O-O 6. O-O c6 7. Re1 Nbd7 8. Bf4
Qc7 9. e5 dxe5 10. Nxe5 e6 11. Nxg6 Qb6 12. Nxf8 Qxb2 13. Na4 Qb4 14. Nxd7 Qxa4
15. c3 Qxd1 16. Nxf6+ Bxf6 17. Raxd1 Bd7 18. Bd3 c5 19. Be4 Ba4 20. Rd3 Bc2 21.
Rg3+ Kf8 22. Bxc2 Ke7 23. dxc5 Bxc3 24. Bd6+ Kd7 25. Ba4+ Kd8 26. Rg8# 1-0

[Event "Challenge"]
[Site "http://www.queenalice.com/game.php?id=1491871"]
[Date "2017.8.27"]
[Round "-"]
[White "AlekinePb"]
[Black "LeoChessNut"]
[Result "0-1"]
[WhiteElo "1889"]
[BlackElo "2030"]

1. d4 d5 2. Nf3 Nf6 3. Bf4 c5 4. e3 Nc6 5. Bb5 Qa5+ 6. Nc3 Ne4 7. O-O Nxc3 8.
Bxc6+ bxc6 9. Qd2 Ne2+ 10. Qxe2 Ba6 11. Qd2 Qxd2 12. Nxd2 Bxf1 13. Kxf1 e6 14.
dxc5 Bxc5 15. c4 Ke7 16. cxd5 cxd5 17. a3 Bd6 18. Bxd6+ Kxd6 19. Ke2 Rac8 20.
Rd1 Rc2 21. Kd3 Rhc8 22. e4 Rxb2 23. exd5 exd5 24. f4 Ra2 25. g4 Rxa3+ 26. Ke2
Ra4 27. Nf3 Rxf4 28. h3 Rc3 29. Ng5 h6 30. Nh7 Rxh3 31. g5 Ra4 32. Rd2 Rh2+ 33.
Ke3 Ra3+ 34. Kf4 Rh4+ 35. Kf5 Rf3# 0-1